书目信息 |
| 题名: |
象棋入门
|
|
| 作者: | 王国栋 编著 | |
| 分册: | ||
| 出版信息: | 北京 金盾出版社 1994.10 |
|
| 页数: | 389页 | |
| 开本: | 32开 | |
| 丛书名: | ||
| 单 册: | ||
| 中图分类: | G891.2 | |
| 科图分类: | ||
| 主题词: | 文娱性体育活动 | |
| 电子资源: | ||
| ISBN: | 7-80022-836-3 | |
| 000 | 00542nam0 2200193 45 | |
| 001 | 0008021647 | |
| 005 | 20001025190432.7 | |
| 010 | @a7-80022-836-3@d9.90元 | |
| 100 | @a20000802d1994 km y0chiy0120 ea | |
| 101 | 0 | @achi |
| 105 | @a z 000yy | |
| 200 | 1 | @a象棋入门@AXiang Qi Ru Men@f王国栋等编著@FWang Guo Dong Deng Bian Zhu |
| 210 | @a北京@c金盾出版社@d1994.10 | |
| 215 | @a389页@d32开 | |
| 606 | 0 | @a文娱性体育活动 |
| 690 | @aG891.2@v3 | |
| 701 | 0 | @a王国栋@4编著 |
| 801 | @aCN@bPftUser@c20000802 | |
| 905 | @dG891.2@eW189@b188644-646@f3 | |
| 象棋入门/王国栋等编著.-北京:金盾出版社,1994.10 |
| 389页;32开 |
| ISBN 7-80022-836-3:9.90元 |
| ● |
| 相关链接 |
|
|
|
正题名:象棋入门
索取号:G891.2/W189
 
预约/预借
| 序号 | 登录号 | 条形码 | 馆藏地/架位号 | 状态 | 备注 |
| 1 | 188644 | 201886441 | 社科库409/ [索取号:G891.2/W189] | 在馆 | |
| 2 | 188645 | 201886450 | 社科库409/409社科库 28排2列1层/ [索取号:G891.2/W189] | 在馆 | |
| 3 | 188646 | 201886469 | 社科二线422/409社科库 28排2列1层/ [索取号:G891.2/W189] | 在馆 |